Dioses y héroes de la mitología griega / (Registro nro. 3531)
[ vista simple ]
| 000 -LEADER | |
|---|---|
| fixed length control field | 00917nam a2200229Ia 4500 |
| 003 - CONTROL NUMBER IDENTIFIER | |
| control field | OSt |
| 005 - DATE AND TIME OF LATEST TRANSACTION | |
| control field | 20200625134705.0 |
| 008 - FIXED-LENGTH DATA ELEMENTS--GENERAL INFORMATION | |
| fixed length control field | 191128s2015 ck a gr 000 j spa d |
| 020 ## - INTERNATIONAL STANDARD BOOK NUMBER | |
| International Standard Book Number | 9789587434750 |
| 040 ## - CATALOGING SOURCE | |
| Original cataloging agency | CO-JMCR |
| Transcribing agency | CO-JMCR |
| 041 ## - LANGUAGE CODE | |
| Language code of text/sound track or separate title | spa |
| 082 04 - DEWEY DECIMAL CLASSIFICATION NUMBER | |
| Classification number | LM / |
| Item number | SHUd |
| 100 1# - MAIN ENTRY--PERSONAL NAME | |
| Personal name | Shua, Ana María, |
| Dates associated with a name | 1951 |
| Relator term | autor |
| 9 (RLIN) | 6185 |
| 245 10 - TITLE STATEMENT | |
| Title | Dioses y héroes de la mitología griega / |
| Statement of responsibility, etc. | Ana María Shua |
| 250 ## - EDITION STATEMENT | |
| Edition statement | Primera edición |
| 260 ## - PUBLICATION, DISTRIBUTION, ETC. | |
| Place of publication, distribution, etc. | Bogotá : |
| Name of publisher, distributor, etc. | Loqueleo, |
| Date of publication, distribution, etc. | 2015 |
| 300 ## - PHYSICAL DESCRIPTION | |
| Extent | 250 páginas : |
| Other physical details | ilustraciones en blanco y negro ; |
| Dimensions | 20 cm. |
| 490 0# - SERIES STATEMENT | |
| Series statement | Narrativa |
| 520 ## - SUMMARY, ETC. | |
| Summary, etc. | En esta obra, Shua narra con un estilo magistral los relatos míticos más bellos. En sus páginas se encuentran el mito de la creación del Universo, el origen de los dioses del Olimpo, y las aventuras de los héroes más valientes como Heracles, Teseo y Odise |
| 650 14 - SUBJECT ADDED ENTRY--TOPICAL TERM | |
| Topical term or geographic name entry element | Mitología infantil |
| 9 (RLIN) | 6186 |
| 942 ## - ADDED ENTRY ELEMENTS (KOHA) | |
| Source of classification or shelving scheme | Dewey Decimal Classification |
| Koha item type | Books |
| Withdrawn status | Lost status | Source of classification or shelving scheme | Damaged status | Not for loan | Home library | Current library | Date acquired | Cost, normal purchase price | Total Checkouts | Full call number | Barcode | Date last seen | Date last checked out | Copy number | Koha item type |
|---|---|---|---|---|---|---|---|---|---|---|---|---|---|---|---|
| Dewey Decimal Classification | Biblioteca Pública José María del Castillo y Rada | Biblioteca Pública José María del Castillo y Rada | 11/28/2019 | 0.00 | 10 | LM / SHUd | 201807393 | 04/06/2026 | 04/06/2026 | Ej.1 | Books |